| 000 | 01531cam a22002175a 4500 | ||
|---|---|---|---|
| 001 | ABS66540 | ||
| 008 | 030401s2003 xxk 000 0 eng u | ||
| 035 | _a(Sirsi) u121837 | ||
| 100 | _aBall, J. | ||
| 245 | _aRenting homes: status and security in the UK and France - a comparison in the light of the Law Commission's proposals | ||
| 260 | _c2003 | ||
| 490 |
_aThe Conveyancer _v67 January/February 2003, 38-60(23) |
||
| 520 | _aStudies the profound reforms to residential tenancies of less than 21 years in England, Wales and Northern Ireland proposed in the Law Commission's consultation paper "Renting homes 1: status and security" published in 2002 - available at www.lawcom.gov.uk. Scotland has its own reformed tenancy under the Housing (Scotland) Act 2001. The proposals will turn residential tenancies into consumer contracts and bring remedies within tenants' reach (if their tenancy terms are unsatisfactory) as well as bringing the UK in line with most of Europe in classifying tenancies as contracts rather than property. The paper makes a preliminary comparison with the protection of tenants in France. | ||
| 590 | _aABS | ||
| 651 | 4 | _aUnited Kingdom | |
| 651 | 4 | _aFrance | |
| 690 | _aPROPERTY-RESIDENTIAL PROPERTY-RESIDENTIAL LANDLORD AND TENANT-RESIDENTIAL TENANCIES | ||
| 856 |
_uhttps://www.lawcom.gov.uk/76.htm _zView Law Commission consultation paper... |
||
| 856 |
_uhttps://www.legislation.gov.uk/asp/2001/10/contents _zView Housing (Scotland) Act 2001 at www.legislation.gov.uk |
||
| 942 |
_n0 _2ddc |
||
| 999 |
_c72397 _d72397 |
||